Szkolna 17 - postacie - Statystyki

Ogólne statystyki
  • Ten quiz został rozwiązany 901 razy
  • Średni wynik to 7 z 10
Statystyki odpowiedzi
Hint Odpowiedź % Poprawnych
Warmianin, lubi mleczko i węgiel Krzysztof Kononowicz/Kononowicz/Knur
98%
Jego przezwiska to m.in.: Narkotykarz, struś, szczur. Posługuje się językiem bombaskim, koneser rozpuszczalników. Major Suchodolski/Wojciech Suchodolski/Major
98%
Matka Kononowicza Leonarda/Leonarda Kononowicz
96%
Jeden z redaktorów. Mieszka na Boboli 10 Mexicano/Mexicano tv/Jarosław Andrzejewski
85%
Używa zwrotu "Tu tego", Jego nazwisko jest nazwą zwierzęcia Jan Łoś/Jan Rodo
84%
Sąsiad Kononowicza, postawił płot wyższy od płotu ludzkiego Kargul
72%
Jeden z pierwszych redaktorów, znany z dobrego reżyserowania filmów uniwersum. Krzysztof Niewiński/Niemiecki/Krzysztof Niemiecki
60%
KIlka razy pojawił się na szkolnej, znany głownie ze swoich wierszy, filozof Tomasz Baranowski/Profesor Tomasz
52%
Przyjaciel Mexicana, mieszka w krzakach, jego pseudonim to imię postaci z gry Mario
49%
Od niedawna współlokatorka majora, Mieszka w Krakowie Monika
48%
Nie znaleziono quizów pasujących do podanych kryteriów
Rozkład punktacji
Procent ludzi z każdym wynikiem
Percentyl według liczby udzielonych odpowiedzi
Twoja historia wyników
Nie rozwiązałeś tego quizu